| 000 | 00882nam a2200301 a 4500 | ||
|---|---|---|---|
| 001 | 21854 | ||
| 003 | BD-RjUL | ||
| 005 | 20211209000734.0 | ||
| 008 | 140305s1967 uk 00010 eng | ||
| 035 | _a(BD-RjUL)21919 | ||
| 035 | _aBD-RjUL | ||
| 040 |
_aITD _dOCL _dm.c _beng _cBD-RjUL |
||
| 041 | _aeng | ||
| 082 |
_a883.09 _bMUR 1967 |
||
| 100 | 1 |
_aMurray, Gilbert, _d1866-1957. _qGilbert Murray. _967475 |
|
| 245 | 1 | 4 |
_aThe rise of the Greek epic / _cGilbert Murray. |
| 250 | _a4th ed. | ||
| 260 |
_aNew York : _bOxford University Press, _c1967. |
||
| 300 |
_a356 p. : _c21 cm |
||
| 490 | 1 |
_aGalaxy book ; _vGB 41 |
|
| 600 | 0 | 0 |
_aHomer _xCriticism and interpretation. _967480 |
| 650 | 0 |
_aEpic poetry, Greek _xHistory and criticism _966982 |
|
| 830 | 0 |
_vGB 41 _967481 |
|
| 830 | 0 |
_aGalaxy book ; _967482 |
|
| 942 |
_2ddc _cBK |
||
| 999 |
_c21854 _d21854 |
||